Automatic process control for chemical engineers (Record no. 25223)

000 -LEADER
fixed length control field 00528nam a2200193 4500
001 - CONTROL NUMBER
control field 25223
003 - CONTROL NUMBER IDENTIFIER
control field BD-DhUET
008 - FIXED-LENGTH DATA ELEMENTS--GENERAL INFORMATION
fixed length control field 150304b1956 xxu||||| |||| 00| 0 eng d
040 ## - CATALOGING SOURCE
Original cataloging agency DLC
Transcribing agency DLC
Modifying agency BD-DhUET
082 ## - DEWEY DECIMAL CLASSIFICATION NUMBER
Classification number 660.28
Item number CEA/1956
100 ## - MAIN ENTRY--PERSONAL NAME
Personal name Ceaglaske, Norman H.
245 ## - TITLE STATEMENT
Title Automatic process control for chemical engineers
250 ## - EDITION STATEMENT
Edition statement 1st ed.
260 ## - PUBLICATION, DISTRIBUTION, ETC. (IMPRINT)
Place of publication, distribution, etc. New Delhi
Name of publisher, distributor, etc. Wiley Eastern
Date of publication, distribution, etc. 1956
300 ## - PHYSICAL DESCRIPTION
Extent xiv, 228 p.
Other physical details ill.
Dimensions 23 cm.
504 ## - BIBLIOGRAPHY, ETC. NOTE
Bibliography, etc Includes bibliographies
650 #0 - SUBJECT ADDED ENTRY--TOPICAL TERM
Topical term or geographic name as entry element Chemical engineering
942 ## - ADDED ENTRY ELEMENTS (KOHA)
Koha item type General Book
Holdings
Location (home branch) Date acquired Koha date last seen Shelving location Piece designation (barcode) Withdrawn status Koha normalized classification for sorting Koha item type Source of classification or shelving scheme Copy number Damaged status Price effective from Not for loan Lost status Sublocation or collection (holding branch) Koha full call number
Central Library, BUET2015-05-132015-05-13Circulation section32624 660_280000000000000_CEA_1956General Book 1 2015-05-13  Central Library, BUET660.28/CEA/1956
Central Library, BUET2015-05-132015-05-13Circulation section32623 660_280000000000000_CEA_1956General Book 2 2015-05-13  Central Library, BUET660.28/CEA/1956
Central Library, BUET2015-05-132015-05-13Circulation section32622 660_280000000000000_CEA_1956General Book 3 2015-05-13  Central Library, BUET660.28/CEA/1956
Central Library, BUET2015-05-132015-05-13Circulation section32621 660_280000000000000_CEA_1956General Book 4 2015-05-13  Central Library, BUET660.28/CEA/1956
Central Library, BUET2015-05-132015-05-13Circulation section20928 660_280000000000000_CEA_1956General Book 5 2015-05-13  Central Library, BUET660.28/CEA/1956
Central Library, BUET2015-05-132015-05-13Circulation section37310 660_280000000000000_CEA_1956General Book 6 2015-05-13  Central Library, BUET660.28/CEA/1956
Central Library, BUET2015-05-132015-05-13Circulation section32625 660_280000000000000_CEA_1956General Book 7 2015-05-13  Central Library, BUET660.28/CEA/1956
Central Library, BUET2015-05-132015-05-13Circulation section11145 660_280000000000000_CEA_1956General Book 8 2015-05-13  Central Library, BUET660.28/CEA/1956
Central Library, BUET2015-05-132015-05-13Circulation section11148 660_280000000000000_CEA_1956General Book 9 2015-05-13  Central Library, BUET660.28/CEA/1956
Central Library, BUET2015-05-132015-05-13Circulation section11144 660_280000000000000_CEA_1956General Book 10 2015-05-13  Central Library, BUET660.28/CEA/1956
Central Library, BUET2015-05-132015-05-13Circulation section12431 660_280000000000000_CEA_1956General Book 11 2015-05-13  Central Library, BUET660.28/CEA/1956
Central Library, BUET2015-05-132015-05-13Circulation section10151 660_280000000000000_CEA_1956General Book 12 2015-05-13  Central Library, BUET660.28/CEA/1956